LEADER 01470nam a2200265 i 4500 001 000000033479 003 CaOOAMICUS 005 20230619143700.0 008 180830s1765 fr u000 u fre u 040 $aSeMil$bita 100 1 $aPluche, Antoine,$d<1688-1761>.$0(OLS)http://semarc/name/89529 245 10$aHistoire du ciel, où l'on recherche l'origine de l'idolatrie, et les méprises de la philosophie, sur la formation des corps célestes & de toute la nature ... Tome 1. [-2.]. 260 $aA Paris :$bChez les Frères Estienne, ruë Saint Jacques, à la Vertu,$c1765. 300 $a2 v. ;$c8°. 500 $aCors. ; ebr. ; gr. ; rom. 500 $aIl nome dell'autore nel Privilege du roi (a c. Y8r del v. 1) e nell'Approbation (a c. Y6v del v. 2) 650 4$aMitologia.$0(OLS)http://semarc/subject/2431 650 4$aCosmologia.$0(OLS)http://semarc/subject/1855 650 4$aCreazione - Aspetti religiosi.$0(OLS)http://semarc/subject/13908 710 0 $aEstienne frères$c.$0(OLS)http://semarc/name/2909 774 0 $tTome 1.$g1$w()253433 774 0 $tTome 2.$g2$w()253434 996 $6245$aHistoire du ciel, où l'on recherche l'origine de l'idolatrie, et les méprises de la philosophie, sur la formation des corps célestes & de toute la nature ... Tome 1. [-2.]$9(OLS)http://semarc/title/402070 996 $6260$aA Paris :$bChez les Frères Estienne, ruë Saint Jacques, à la Vertu$9(OLS)http://semarc/publisher/39083 LEADER 00804nam a2200169 i 4500 001 000000049200 003 CaOOAMICUS 005 20121120000000.0 008 121120s1898 it u000 u ita u 013 $a20370 040 $aSeMil$bita 245 10$aVol. 1. 300 $aXXIII, 490 p. 773 0 $aLiguori, Alfonso Maria : de' $tCompendio della teologia morale di S. Alfonso M. de' Liguori vescovo di sant'Agata dei Goti e dottore della chiesa.$dGenova : Gio. Fassicomo e Scotti, 1898.$b9. ed. fatta sull'ultima riveduta dall'autore accresciuta e migliorata con notevoli aggiunte ... / a cura di un teologo genovese.$g1$w()27669 850 $aSeMil 852 $aSeMil$W1$xVenegono$y1$m2E II 85 FA$j15355$B15355$CSeMilBibl$Z2$F15355 $8I 996 $6245$aVol. 1$9(OLS)http://semarc/title/13429